000 00606cam a2200193 a 4500
001 ca 12001091
003 DLC
005 20260227111058.0
008 050726s1893 nyu 000 0 eng
010 _aca 12001091
040 _aDLC
_cDLC
_dDLC
050 0 0 _aPR5750
_b.A2 1893
051 _aPR5750
_b.A2 1893 Copy 3
_cFrom the library of Oliver Wendell Holmes Jr.
100 1 _aWatson, William,
_d1858-1935.
245 1 4 _aThe poems of William Watson.
260 _aNew York :
_bMacmillan,
_c1893.
300 _aix, 280 p. ;
_c19 cm.
710 2 _aOliver Wendell Holmes Collection (Library of Congress)
_5DLC
999 _c14683
_d14683